000 00677nam a2200205Ia 4500
999 _c40291
_d40291
001 6899
003 GE_BSU
005 20200130115333.0
008 181216s1970||||GE |||||||||||||| ||ge ||
040 _cGE_BSU
041 _ageo
080 _a821.353.1-1 გ-69
100 _aგორგანელი, ვახტანგ.
_96511
245 _aმთები და ვარსკვლავები :
_bლექსები /
264 _aთბილისი :
_bმერანი,
_c1970.
300 _a82 გვ. ;
_c16 სმ.
653 _aმთები და ვარსკვლავები
653 _aლექსები
942 _cBK
_2udc